[Event "Andalucia-ch U16 1011"]
[Site "Almeria"]
[Date "2011.03.25"]
[Round "4.10"]
[White "Vazquez Infante, David"]
[Black "Mercado Larrea, Adrian"]
[Result "0-1"]
[WhiteElo "1492"]
[BlackElo "1714"]
[PlyCount "66"]
[EventDate "2011.03.25"]
[EventType "swiss"]
[EventRounds "9"]
[EventCountry "ESP"]
[SourceTitle "EXT 2024"]
[Source "ChessBase"]
[SourceDate "2023.10.10"]
[SourceVersion "1"]
[SourceVersionDate "2023.10.10"]
[SourceQuality "1"]

1. c4 e5 2. Nc3 Nc6 3. g3 g6 4. Bg2 Bg7 5. e4 d6 6. d3 f5 7. Nge2 h6 8. Rb1 Nf6 9. b4 0-0 10. Bd2 g5 11. Qc1 f4 12. f3 Be6 13. g4 Nxg4 14. fxg4 Bxg4 15. h3 Bh5 16. b5 Nb8 17. Rh2 f3 18. Ng3 fxg2 19. Rxg2 Bg6 20. h4 Qf6 21. Nd5 Qf3 22. Ne3 gxh4 23. Ngf1 Qh5 24. Qd1 Qxd1+ 25. Rxd1 Kh7 26. Nd5 Rf7 27. Rh2 c6 28. Nc3 Bf6 29. Ne3 Nd7 30. Ne2 Raf8 31. Ng2 Bg5 32. Bxg5 hxg5 33. Ng3 Nc5 0-1